Utopía en Sinaloa / (Record no. 161073)

MARC details
000 -LEADER
fixed length control field 00711nam a22002057a 4500
005 - DATE AND TIME OF LATEST TRANSACTION
control field 20220315125326.0
008 - FIXED-LENGTH DATA ELEMENTS--GENERAL INFORMATION
fixed length control field 220315b mx ||||| |||| 00| 0 spa d
050 04 - LIBRARY OF CONGRESS CALL NUMBER
Classification number F1341
Item number R63 2003
100 1# - MAIN ENTRY--PERSONAL NAME
Personal name Robertson, Thomas A.,
Dates associated with a name 1897-,
Relator term autor.
240 12 - UNIFORM TITLE
Uniform title A southwestern utopia.
Language of a work Español
245 10 - TITLE STATEMENT
Title Utopía en Sinaloa /
Statement of responsibility, etc Thomas A. Robertson ; dibujos de Cas Duchow
250 ## - EDITION STATEMENT
Edition statement Primera edición
260 ## - PUBLICATION, DISTRIBUTION, ETC. (IMPRINT)
Place of publication, distribution, etc México, D.F. :
Name of publisher, distributor, etc Siglo XXI,
Date of publication, distribution, etc 2003
300 ## - PHYSICAL DESCRIPTION
Extent 322 páginas :
Other physical details ilustraciones ;
Dimensions 21 cm
490 ## - SERIES STATEMENT
Series statement Serie los once ríos
650 #7 - SUBJECT ADDED ENTRY--TOPICAL TERM
Source of heading or term lemb
Topical term or geographic name as entry element Mayos
General subdivision Historia
651 #7 - SUBJECT ADDED ENTRY--GEOGRAPHIC NAME
Source of heading or term Lemb
Geographic name Topolobampo (Sinaloa)
General subdivision Descripcion y viajes
700 1# - ADDED ENTRY--PERSONAL NAME
Personal name Duchow, Cas,
Relator term ilustrador
942 ## - ADDED ENTRY ELEMENTS (KOHA)
Source of classification or shelving scheme Biblioteca del Cogreso de los Estados Unidos
Koha item type Libro
Holdings
Estado de pérdida Fuente de clasificación Estado del daño No para préstamo Ubicación permanente Ubicación actual Apartado o colección Fecha de adquisición Fuente de adquisición Edición Dependencia de educación superior (DES) Área del conocimiento Total Checkouts Clasificación Código de Barras Date last seen Número de copia Costo por reposición Tipo de recurso
  Biblioteca del Cogreso de los Estados Unidos     Biblioteca del Instituto de Investigaciones Históricas Biblioteca del Instituto de Investigaciones Históricas General 15/03/2022 Donación 1a ed. Humanidades Ciencias Sociales y Administrativas   F1341 R63 2003 IIH000032359 15/03/2022 C:1 1.00 Libro